01233cas a2200349 a 450000100090000000300040000900500170001300700030003000800410003301000170007402000180009102200170010903500240012603700790015004000520022904200140028105000220029508200120031708200120032922200250034124500260036624600160039226000550040831000200046336200310048358000500051465000420056465000730060671000380067978000730071778700930079015032523OSt20140606140819.0t|071003c20089999nyugr | a0eng c a 2007213721 a97814380712750 a1940-308921 a(OCoLC)ocn173643760 bBarron's Educational Series, Inc., 250 Wireless Blvd., Hauppauge, NY 11788 aNSDPbengcNSDPdNSDPdDLCdOCoLCdCaBVadOCoLC apccansdp00aQA309b.B372 201210a00421404a515.076 0aBarron's AP calculus00aBarron's AP calculus.13aAP calculus aHauppauge, NY :bBarron's Educational Series, Inc. aEvery two years1 aBegan with 9th ed. (2008). aAlso published in a separate ed. with CD-ROM. 0aCalculusxExaminationsvStudy guides. 0aAdvanced placement programs (Education)xExaminationsvStudy guides.2 aBarron's Educational Series, Inc.00tBarron's how to prepare for the AP advanced placement exam. Calculus1 tBarron's AP calculus (Print with CD-ROM)x1940-3119w(DLC) 2007213726w(OCoLC)173649182